| 000 | 00698nam a2200205 a 4500 | ||
|---|---|---|---|
| 005 | 20240501063703.0 | ||
| 008 | 030306s1999 es r 000 0 spa d | ||
| 020 | _a9501520641 (Ediciones B) | ||
| 035 | _aUPN01000122576 | ||
| 049 | _aCG | ||
| 050 | 4 |
_aPQ2623 U4 _bI4.78 |
|
| 100 | 1 | _aLunel, Pierre | |
| 245 | 1 | 0 |
_aIntrigas en Roma : _bnovela / _cPierre Lunel ; tr. Amanda Forns de Gioia. |
| 260 |
_aBarcelona ; Esp. : _bJavier Vergara ; _aBuenos Aires : _bEdiciones B, _cc1999. |
||
| 300 | _a331 p. | ||
| 534 |
_pTraducción de: _tLes mystéres de Rome |
||
| 500 | _aSubtítulo de la cubierta: La verdad oculta detrás del Emperador Augusto | ||
| 650 | 4 |
_aNovela francesa _98238 |
|
| 905 | _aLibro | ||
| 999 |
_c94762 _d94762 |
||